Statystyki dla Największe miasta

Kliknij tutaj aby rozwiązać quiz!

Ogólne statystyki

  • Ten quiz został rozwiązany 16 razy
  • Średni wynik to 9 z 15

Statystyki odpowiedzi

ZagadnienieOdpowiedź% Poprawnych
1Nowy Jork
93%
9Kair
87%
8Pekin
87%
14Wiedeń
87%
7Bombaj
80%
6Teheran
73%
4Ankara
60%
5Sao Paulo
60%
11Stambuł
60%
12Kinszasa
53%
10Ateny
47%
13Hamburg
47%
3Berlin
40%
2Ho Chi Minh City
33%
15Mińsk
33%

Rozkład punktacji

Percentyl według liczby udzielonych odpowiedzi

Procent ludzi z każdym wynikiem

Twoja historia wyników

Nie rozwiązałeś tego quizu